Areté : (Record no. 207995)
[ view plain ]
| 000 -CABECERA | |
|---|---|
| campo de control de longitud fija | 01274cas a2200265 a 4500 |
| 005 - FECHA Y HORA DE LA ÚLTIMA TRANSACCIÓN | |
| campo de control | 20240316063754.0 |
| 006 - ELEMENTOS DE LONGITUD FIJA – CARACTERÍSTICAS DE MATERIALES ADICIONALES – INFORMACIÓN GENERAL | |
| campo de control de longitud fija | s|||||o|||| 00| 0 |
| 008 - ELEMENTOS DE LONGITUD FIJA--INFORMACIÓN GENERAL | |
| campo de control de longitud fija | 991125c1989 pe fr p|o 000 0 spa d |
| 022 ## - NÚMERO INTERNACIONAL NORMALIZADO PARA PUBLICACIONES SERIADAS | |
| Número Internacional Normalizado para Publicaciones Seriadas | 2223-3741 |
| 035 ## - NÚMERO DE CONTROL DEL SISTEMA | |
| Número de control de sistema | UPN01000235900 |
| 040 ## - FUENTE DE LA CATALOGACIÓN | |
| Centro catalogador/agencia de origen | MX-MxUPN |
| Lengua de catalogación | spa |
| Normas de descripción | aacr2 |
| 049 ## - COLECCIÓN | |
| Colección | REV-E |
| 245 00 - MENCIÓN DE TÍTULO | |
| Título | Areté : |
| Resto del título | revista de filosofía |
| Medio | [recurso electrónico en línea] |
| 260 ## - PUBLICACIÓN, DISTRIBUCIÓN, ETC. | |
| Lugar de publicación, distribución, etc. | Perú : |
| Nombre del editor, distribuidor, etc. | Pontificia Universidad Católica del Perú, Departamento de Humanidades, |
| Fecha de publicación, distribución, etc. | 1989- |
| 310 ## - FRECUENCIA ACTUAL DE LA PUBLICACION | |
| Periodicidad actual | Semestral |
| 506 0# - NOTA DE RESTRICCIONES AL ACCESO | |
| Limitaciones de acceso | Acceso abierto |
| 510 1# - NOTA DE CITAS O REFERENCIAS BIBLIOGRÁFICAS | |
| Nombre de la fuente | Latindex |
| 510 1# - NOTA DE CITAS O REFERENCIAS BIBLIOGRÁFICAS | |
| Nombre de la fuente | Dialnet |
| 510 1# - NOTA DE CITAS O REFERENCIAS BIBLIOGRÁFICAS | |
| Nombre de la fuente | Doaj |
| 520 1# - NOTA DE RESUMEN, ETC. | |
| Sumario, etc. | "En ella se publican trabajos de investigación, originales e inéditos, escritos en español y eventualmente en inglés, de autores que participan de modo significativo en la discusión filosófica contemporánea en todos los campos de la reflexión filosófica. Comprende, también, una sección permanente de reseñas y, de manera ocasional, publica documentos sobre importantes debates filosóficos, realizados en nuestro país o en el extranjero, así como entrevistas a filósofos de renombre internacional". |
| 650 #4 - ASIENTO SECUNDARIO DE MATERIA - TERMINO TEMATICO | |
| Término de materia o nombre geográfico como elemento de entrada | Filosofía |
| 9 (RLIN) | 5327 |
| 856 40 - LOCALIZACIÓN Y ACCESO ELECTRÓNICOS | |
| Identificador Uniforme del Recurso | <a href="https://revistas.pucp.edu.pe/index.php/arete">https://revistas.pucp.edu.pe/index.php/arete</a> |
| 905 ## - TIPO DE MATERIAL | |
| Tipo de material | Revista |
| 942 ## - ELEMENTOS DE PUNTO DE ACCESO ADICIONAL (KOHA) | |
| Tipo de ítem Koha | Revista Electrónica |
| Estado de retiro | Estado de pérdida | Estado dañado | No para préstamo | Código de colección | Localización permanente | Ubicación/localización actual | Ubicación en estantería | Fecha de adquisición | Fecha visto por última vez | Tipo de ítem Koha |
|---|---|---|---|---|---|---|---|---|---|---|
| Acceso abierto | Bib. Gregorio Torres Quintero | Bib. Gregorio Torres Quintero | En línea | 23/05/2022 | 23/05/2022 | Revista Electrónica |
